| 000 | 00612nam a2200241 a 4500 | ||
|---|---|---|---|
| 001 | nice12345678 | ||
| 003 | IN_TiNIC | ||
| 005 | 20260116014702.0 | ||
| 008 | 100119s2010 newa grp 000 0 eng | ||
| 020 |
_a9789380096735 _c800 |
||
| 082 | 0 | 0 |
_a305.4 _bBHA2 |
| 100 | _aBhandari, Ramesh | ||
| 245 | _aWomen Rights and Welfare | ||
| 260 |
_aNew Delhi _bAlfa Publication _c2010 |
||
| 300 | _a280p | ||
| 500 | _aincludes index and biblioraphy | ||
| 505 | 2 | _aBibliography, Index | |
| 650 | _aWomen and Human Rights | ||
| 700 | 1 | _aBhandari, Ramesh | |
| 902 | _bSRS | ||
| 942 | _cBK | ||
| 999 |
_c16465 _d16465 |
||